Gaming Quiz

Random Gaming or Pokémon Quiz

Pikachu clones Quiz Stats

 Plays Quiz not verified by Sporcle

Also try: Pokemon Moves A-Z
Challenge
Share
Tweet
Score 0/5 Timer 01:30
0 Plays Today
Hint Answer % Correct
Plusle
94.9%
Minun
92.4%
Emolga
91.1%
Dedenne
86.1%
Pachirisu
83.5%

You're not logged in!

Compare scores with friends on all Sporcle quizzes.
Join for Free
OR
Log In

You Might Also Like...

Show Comments

Extras

Created Aug 5, 2016ReportNominate
Tags:Pokémon Quiz, pikachu

Top Quizzes Today


Score Distribution

Your Account Isn't Verified!

In order to create a playlist on Sporcle, you need to verify the email address you used during registration. Go to your Sporcle Settings to finish the process.

Report this User

Report this user for behavior that violates our Community Guidelines.

Details: